| 000 | 01063cam a2200325 a 4500 | ||
|---|---|---|---|
| 001 | 92699 | ||
| 005 | 20230410101710.0 | ||
| 008 | 040521s2003 ht a b 001 0dfre d | ||
| 010 | _a 2005420084 | ||
| 035 | _a(OCoLC)ocm55232524 | ||
| 040 |
_aBNY _cBNY _dDLC |
||
| 020 | _a999353224X | ||
| 020 | _a9789993532248 | ||
| 029 | 1 |
_aAU@ _b000027854541 |
|
| 035 | _a(OCoLC)55232524 | ||
| 042 | _alccopycat | ||
| 043 | _anwht--- | ||
| 050 | 1 | 4 |
_a110 ML 3486 _bL888c 2003 |
| 082 | 0 | 0 | _a781.64/097294 |
| 100 | 1 | _aLouis-Charles, Thony. | |
| 245 | 1 | 3 |
_aLe compas direct : _bla vraie musique entrainante hà itienne de tous les temps / _cThony Louis-Charles. |
| 260 |
_aPort-au-Prince : _bT. Louis-Charles ; _aDelmas, Haiti : _bDistribution, Communication Plus-- Livres, _cc2003. |
||
| 300 |
_a311 p. : _bill. ; _c23 cm. |
||
| 504 | _aIncludes bibliographical references (p. 299-300) and index. | ||
| 650 | 0 |
_aPopular music _zHaiti _xHistory and criticism. |
|
| 650 | 0 |
_aMusicians _zHaiti _vBiography. |
|
| 942 |
_2lcc _cbk |
||
| 994 |
_aC0 _bDRFGD |
||
| 966 | _aRCh | ||
| 999 |
_c12308 _d12308 |
||